000
00319nam a2200145Ia 4500
005
20251222175924.0
008
251222s9999||||xx |||||||||||||| ||spa||
020
_a
9788493678623
082
_a
336/G46
100
_a
Gimer Grima, Fernando
245
0
_a
El Reto
250
_a
1ra.ed.
264
_b
Romeu
942
_c
LIB
999
_c
40790
_d
40790